[Event "SWE-chT2 0708"]
[Site "Sweden"]
[Date "2008.02.03"]
[Round "6"]
[White "Delveborn, Ingemar"]
[Black "Bjelvenmark, Per"]
[Result "1/2-1/2"]
[WhiteElo "2014"]
[BlackElo "1968"]
[PlyCount "124"]
[EventDate "2007.10.20"]
[EventType "team"]
[EventRounds "9"]
[EventCountry "SWE"]
[SourceTitle "EXT 2009"]
[Source "ChessBase"]
[SourceDate "2008.11.26"]
[SourceVersion "1"]
[SourceVersionDate "2008.11.26"]
[SourceQuality "1"]
[WhiteTeam "Farsta"]
[BlackTeam "Upsala II"]
[WhiteTeamCountry "SWE"]
[BlackTeamCountry "SWE"]

1. d4 d5 2. Nf3 c6 3. e3 Nf6 4. Bd3 Bg4 5. Nbd2 e6 6. c3 Bd6 7. Qc2 Nbd7 8. h3 Bh5 9. 0-0 0-0 10. b3 Rc8 11. c4 c5 12. Qb1 Qe7 13. Bb2 cxd4 14. exd4 Bg6 15. Bxg6 hxg6 16. Ne5 Bb4 17. Ndf3 Ne4 18. Qd3 Nxe5 19. Nxe5 a6 20. c5 Rfd8 21. a3 Ba5 22. b4 Bc7 23. Rfc1 Bb8 24. Rc2 g5 25. g3 f6 26. Ng4 Qe8 27. Kg2 Qh5 28. Qf3 Qg6 29. Re2 f5 30. Ne5 Bxe5 31. dxe5 g4 32. Qf4 gxh3+ 33. Kh2 Qg4 34. f3 Qxf4 35. gxf4 Nxc5 36. bxc5 Rxc5 37. Rc1 Rxc1 38. Bxc1 Rc8 39. Bb2 Rc4 40. Kg3 b5 41. Rd2 Kf7 42. Bd4 Kg6 43. Kxh3 Kh5 44. Kg3 g5 45. fxg5 Kxg5 46. f4+ Kh5 47. Kf3 Kg6 48. Rd3 Kh5 49. Be3 Kg6 50. Rd4 Kf7 51. Rxc4 bxc4 52. Ke2 Kg6 53. Kd2 Kh5 54. Kc3 Kg4 55. Kd4 Kf3 56. Bc1 Ke2 57. a4 Kd1 58. Be3 Kc2 59. a5 Kb3 60. Bc1 Kc2 61. Ba3 Kb3 62. Bc1 Kc2 1/2-1/2

[Event "SWE-chT 0102"]
[Site "Sweden"]
[Date "2002.02.09"]
[Round "7"]
[White "Bergstrom, Peter"]
[Black "Delveborn, Ingemar"]
[Result "1-0"]
[WhiteElo "2332"]
[BlackElo "2179"]
[PlyCount "97"]
[EventDate "2001.10.12"]
[EventType "team"]
[EventRounds "11"]
[EventCountry "SWE"]
[SourceTitle "EXT 2003"]
[Source "ChessBase"]
[SourceDate "2002.11.25"]
[SourceVersion "1"]
[SourceVersionDate "2002.11.25"]
[SourceQuality "1"]
[WhiteTeam "Sollentuna"]
[BlackTeam "Farsta"]
[WhiteTeamCountry "SWE"]
[BlackTeamCountry "SWE"]

1. e4 d5 2. exd5 Qxd5 3. Nc3 Qa5 4. Bc4 Nf6 5. d3 g6 6. Bd2 Qe5+ 7. Nge2 c6 8. Bf4 Qa5 9. Qd2 Bg7 10. 0-0-0 Nbd7 11. Kb1 Qd8 12. Bh6 0-0 13. h4 b5 14. Bb3 Nc5 15. Bxg7 Nxb3 16. axb3 Kxg7 17. h5 Nxh5 18. Ng3 Nxg3 19. Qh6+ Kf6 20. Qh4+ Ke6 21. Rde1+ Kd7 22. Qxg3 h5 23. Ne4 Qc7 24. Qe3 Kd8 25. Qh6 Re8 26. Ng5 e5 27. Qg7 Bf5 28. f4 Kc8 29. Rxe5 Rxe5 30. fxe5 Kb7 31. Qxf7 Qxf7 32. Nxf7 Kc7 33. Nd6 Kd7 34. Nxf5 gxf5 35. Rxh5 Ke6 36. d4 Rg8 37. Rh6+ Kd7 38. Rd6+ Kc7 39. Rf6 Rxg2 40. Rxf5 a5 41. Rf7+ Kb6 42. c4 Rg4 43. Rd7 Rg1+ 44. Ka2 Re1 45. c5+ Ka6 46. Rc7 a4 47. b4 a3 48. Rxc6+ Kb7 49. Rb6+ 1-0

[Event "SWE-chT 0001"]
[Site "Sweden"]
[Date "2001.03.18"]
[Round "11"]
[White "Delveborn, Ingemar"]
[Black "Madebrink, Lars"]
[Result "1-0"]
[WhiteElo "2201"]
[BlackElo "2331"]
[PlyCount "73"]
[EventDate "2000.10.13"]
[EventType "team"]
[EventRounds "11"]
[EventCountry "SWE"]
[SourceTitle "EXT 2006"]
[Source "ChessBase"]
[SourceDate "2005.11.24"]
[SourceVersion "1"]
[SourceVersionDate "2005.11.24"]
[SourceQuality "1"]
[WhiteTeam "Farsta"]
[BlackTeam "Kamraterna "]
[WhiteTeamCountry "SWE"]
[BlackTeamCountry "SWE"]

1. e4 c5 2. Nf3 Nc6 3. Bb5 d6 4. 0-0 Bd7 5. c3 a6 6. Ba4 c4 7. d4 cxd3 8. Qxd3 Nf6 9. Nbd2 g6 10. Re1 Bg7 11. Bc2 0-0 12. Nc4 Ng4 13. h3 Nge5 14. Ncxe5 Nxe5 15. Nxe5 Bxe5 16. Bh6 Bg7 17. Bxg7 Kxg7 18. Bb3 Bc6 19. Rad1 Qc7 20. Re3 Rad8 21. h4 Qa5 22. Bd5 e6 23. b4 Qc7 24. Bb3 d5 25. e5 Bb5 26. Qd4 Bc4 27. Qf4 Qe7 28. h5 Bxb3 29. axb3 f5 30. exf6+ Qxf6 31. Qg3 Kh8 32. hxg6 hxg6 33. Rde1 Rde8 34. Rf3 Qg7 35. Rxf8+ Rxf8 36. Rxe6 Rf6 37. Qh4+ 1-0

[Event "SWE-chT 0001"]
[Site "Sweden"]
[Date "2000.10.13"]
[Round "1"]
[White "Delveborn, Ingemar"]
[Black "Couso, Luis"]
[Result "1/2-1/2"]
[WhiteElo "2202"]
[BlackElo "2416"]
[PlyCount "43"]
[EventDate "2000.10.13"]
[EventType "team"]
[EventRounds "11"]
[EventCountry "SWE"]
[SourceTitle "EXT 2006"]
[Source "ChessBase"]
[SourceDate "2005.11.24"]
[SourceVersion "1"]
[SourceVersionDate "2005.11.24"]
[SourceQuality "1"]
[WhiteTeam "Farsta"]
[BlackTeam "Sollentuna"]
[WhiteTeamCountry "SWE"]
[BlackTeamCountry "SWE"]

1. e4 c5 2. Nf3 e6 3. c3 d5 4. exd5 exd5 5. d4 Nc6 6. Bb5 Bd6 7. Nbd2 cxd4 8. Nxd4 Qe7+ 9. Qe2 Qxe2+ 10. Kxe2 Bd7 11. N2f3 Nf6 12. h3 0-0 13. Re1 Bc5 14. Kf1 Nxd4 15. Nxd4 Bxb5+ 16. Nxb5 Rae8 17. Be3 Bxe3 18. Rxe3 Rxe3 19. fxe3 a6 20. Nd4 Re8 21. Ke2 g6 22. Rd1 1/2-1/2

[Event "SWE-chT 9900"]
[Site "Sweden"]
[Date "1999.??.??"]
[Round "4"]
[White "Astrom, Goran"]
[Black "Delveborn, Ingemar"]
[Result "1-0"]
[WhiteElo "2300"]
[BlackElo "2235"]
[PlyCount "53"]
[EventDate "1999.11.??"]
[EventType "team"]
[EventRounds "11"]
[EventCountry "SWE"]
[SourceTitle "EXT 2002"]
[Source "ChessBase"]
[SourceDate "2001.11.25"]
[SourceVersion "1"]
[SourceVersionDate "2001.11.25"]
[SourceQuality "1"]

1. e4 d5 2. exd5 Qxd5 3. Nc3 Qa5 4. d4 Nf6 5. Nf3 Bf5 6. Bd2 c6 7. Ne4 Qc7 8. Nxf6+ gxf6 9. g3 e6 10. Bg2 Nd7 11. 0-0 Be4 12. Re1 f5 13. Bf1 Bxf3 14. Qxf3 0-0-0 15. Bg5 f6 16. Bf4 e5 17. dxe5 fxe5 18. Bg5 Re8 19. Qxf5 Bc5 20. Be3 Ref8 21. Qe4 Qb6 22. Bh3 Bxe3 23. Qxe3 Qxb2 24. Rad1 Rf7 25. Rxd7 Rxd7 26. Rd1 Rhd8 27. Qd3 1-0

[Event "SWE-chT 9899"]
[Site "Sweden"]
[Date "1998.11.07"]
[Round "4"]
[White "Akvist, Hakan"]
[Black "Delveborn, Ingemar"]
[Result "1-0"]
[WhiteElo "2290"]
[BlackElo "2235"]
[PlyCount "55"]
[EventDate "1998.??.??"]
[EventType "team"]
[EventRounds "11"]
[EventCountry "SWE"]
[SourceTitle "EXT 2000"]
[Source "ChessBase"]
[SourceDate "1999.11.16"]
[SourceVersion "1"]
[SourceVersionDate "1999.11.16"]
[SourceQuality "1"]

1. d4 d5 2. c4 c6 3. e3 Nf6 4. Nc3 e6 5. Nf3 Nbd7 6. Bd3 dxc4 7. Bxc4 b5 8. Bb3 a6 9. 0-0 Bb7 10. a4 b4 11. Ne2 c5 12. Nf4 Bd6 13. e4 Nxe4 14. d5 e5 15. Re1 Nef6 16. Nxe5 Nxe5 17. Nd3 0-0 18. Nxe5 Qc7 19. Ng4 Nxg4 20. Qxg4 Bxh2+ 21. Kh1 Be5 22. Bg5 Rfe8 23. Re2 Qd6 24. Rae1 Kf8 25. Qf5 g6 26. Qe4 Bxb2 27. Bh6+ Bg7 28. Qxe8+ 1-0

[Event "Stockholm op"]
[Site "Stockholm"]
[Date "1993.??.??"]
[Round "?"]
[White "Delveborn, Ingemar"]
[Black "Wedberg, Tom"]
[Result "1/2-1/2"]
[WhiteElo "2240"]
[BlackElo "2460"]
[PlyCount "66"]
[EventDate "1993.12.??"]
[EventType "swiss"]
[EventRounds "9"]
[EventCountry "SWE"]
[SourceTitle "EXT 1997"]
[Source "ChessBase"]
[SourceDate "1996.11.15"]
[SourceVersion "1"]
[SourceVersionDate "1996.11.15"]
[SourceQuality "1"]

1. e4 e5 2. Nf3 Nc6 3. Bc4 Nf6 4. d3 Bc5 5. c3 d6 6. b4 Bb6 7. a4 a6 8. Nbd2 0-0 9. 0-0 Kh8 10. Bb3 Ba7 11. Nc4 h6 12. Be3 Be6 13. Bxa7 Rxa7 14. Re1 Ra8 15. Ne3 Qd7 16. b5 Ne7 17. Bxe6 fxe6 18. c4 Ng6 19. g3 Qf7 20. Nd2 Nd7 21. Rf1 axb5 22. axb5 Rxa1 23. Qxa1 Nc5 24. Qb1 Ra8 25. Nb3 Nxb3 26. Qxb3 b6 27. Qb2 Nf8 28. Ra1 Rxa1+ 29. Qxa1 Nd7 30. Qd1 Nc5 31. Nc2 Qe8 32. Nb4 Kg8 33. Na6 Qf7 1/2-1/2

[Event "Stockholm op2"]
[Site "Stockholm"]
[Date "1992.??.??"]
[Round "?"]
[White "Berg, Susanne"]
[Black "Delveborn, Ingemar"]
[Result "1/2-1/2"]
[WhiteElo "2005"]
[BlackElo "2250"]
[PlyCount "75"]
[EventDate "1992.??.??"]
[EventType "swiss"]
[EventRounds "7"]
[EventCountry "SWE"]
[SourceTitle "EXT 1997"]
[Source "ChessBase"]
[SourceDate "1996.11.15"]
[SourceVersion "1"]
[SourceVersionDate "1996.11.15"]
[SourceQuality "1"]

1. e4 d5 2. exd5 Qxd5 3. Nc3 Qa5 4. d4 Nf6 5. Nf3 Bf5 6. Bd3 e6 7. 0-0 Nbd7 8. Re1 Bxd3 9. Qxd3 c6 10. Ne5 Nxe5 11. Rxe5 Qc7 12. Re2 Bd6 13. h3 0-0-0 14. Ne4 Nxe4 15. Qxe4 Kb8 16. c4 Qd7 17. Be3 f5 18. Qf3 h6 19. Bf4 g5 20. Bxd6+ Qxd6 21. Rd1 Rde8 22. Red2 h5 23. Qe3 Qd8 24. Qe5+ Ka8 25. b4 g4 26. Rd3 h4 27. Ra3 gxh3 28. Rxh3 Qg5 29. Qe3 Qg6 30. Qf3 Reg8 31. a4 Rh5 32. b5 Rg5 33. Rh2 Qe8 34. a5 cxb5 35. a6 Qc6 36. axb7+ Qxb7 37. Qxb7+ Kxb7 38. cxb5 1/2-1/2

[Event "Stockholm op2"]
[Site "Stockholm"]
[Date "1992.??.??"]
[Round "?"]
[White "Delveborn, Ingemar"]
[Black "Sjoberg, Mats"]
[Result "1/2-1/2"]
[WhiteElo "2250"]
[BlackElo "2470"]
[PlyCount "91"]
[EventDate "1992.??.??"]
[EventType "swiss"]
[EventRounds "7"]
[EventCountry "SWE"]
[SourceTitle "EXT 1997"]
[Source "ChessBase"]
[SourceDate "1996.11.15"]
[SourceVersion "1"]
[SourceVersionDate "1996.11.15"]
[SourceQuality "1"]

1. e4 c5 2. Nf3 e6 3. c3 d5 4. exd5 exd5 5. d4 c4 6. Be2 Bd6 7. b3 cxb3 8. Qxb3 Ne7 9. Ba3 Nbc6 10. 0-0 0-0 11. Nbd2 Ng6 12. g3 Bf5 13. Qxd5 Bxa3 14. Qxf5 Bb2 15. Rad1 Bxc3 16. Nb3 Nge7 17. Qc2 Nd5 18. Nc5 Rc8 19. Bc4 Nxd4 20. Nxd4 Rxc5 21. Qb3 Qf6 22. Ne2 Nb6 23. Nxc3 Rxc4 24. Nd5 Qe6 25. Rfe1 Re4 26. Rxe4 Qxe4 27. Nxb6 axb6 28. Qxb6 h5 29. Rd4 Qf3 30. Qb3 Qc6 31. Qd5 Re8 32. Qxc6 bxc6 33. Rc4 Rc8 34. Rc5 g6 35. f4 f5 36. h3 Kf7 37. g4 hxg4 38. hxg4 fxg4 39. Kg2 Ke6 40. Kg3 Kd6 41. Rc2 Kd5 42. Kxg4 c5 43. Kg5 Rc6 44. a4 Ke4 45. a5 Kd3 46. Rb2 1/2-1/2